Syntéza a reakcie kyseliny 2-amino-4-fenylbut-3-énovej

Gespeichert in:
Bibliographische Detailangaben
1. Verfasser: Balážová, Kateřina (Verfasst von)
Format: Manuskript Buch
Sprache:Slowakisch
Veröffentlicht: Bratislava : STU v Bratislave FCHPT, 2003
Ausgabe:Obháj.: 3.6.2003
Tags: Tag hinzufügen
Keine Tags, Fügen Sie das erste Tag hinzu!

MARC

LEADER 00000ntm a22000003a 4500
001 stu80808
005 20150617225640.5
008 030605s2003----xo------------------slo-d
040 |a STU  |b slo 
041 0 |a slo 
044 |a xo 
100 1 |a Balážová, Kateřina  |4 aut 
245 1 |a Syntéza a reakcie kyseliny 2-amino-4-fenylbut-3-énovej 
250 |a Obháj.: 3.6.2003 
260 |a Bratislava :  |b STU v Bratislave FCHPT,  |c 2003 
300 |a 56 s. Lit  |c príloha 
500 |a Odbor: Organická chémia 
996 |b 284C030062  |c C*D13805  |l CCI  |s A  |a 24  |w stu80808_0001